000 00742nam a2200253Ia 4500
003 OSt
005 20220927105403.0
006 a|||||r|||| 00| 0
007 ta
008 220926b |||||||| |||| 00| 0 eng d
024 _a190420
037 _cReference Collections
040 _aRTL
_cRTL
_beng
041 _2eng
_aeng
082 _a"X411:75.2r, Q0/GD"
110 _a"INDIA, PLANNING COMMISSION"
245 0 _aEvaluation study on rural roads component of Bharat Nirman
260 _aNew
_bDelhi Govt. of India
_c2010
300 _a"ix, 109p"
_ccm.
490 _aPEO Report No. 201
700 _a"INDIA, PLANNING COMMISSION"
942 _h"X411:75.2r, Q0/GD"
_cCC
999 _c692250
_d692250